From Adolescence to Adulthood in the Vietnam Era

Children born during the post-WWII era of peace and prosperity entered history at a time dominated by I-Like-Ike politics and domestic security. As they approached adolescence, however, their world was shaken by major cultural, economic, social, and political upheaval. And although it was time of gr...

Full description

Bibliographic Details
Main Author: Owens, Timothy J. (Author)
Corporate Author: SpringerLink (Online service)
Format: Electronic eBook
Language:English
Published: Boston, MA : Springer US, 2005.
Series:Longitudinal Research in the Social and Behavioral Sciences An Interdisciplinary Series
Subjects:
Online Access:Full Text via HEAL-Link
LEADER 03227nam a22004575i 4500
001 978-0-387-22787-0
003 DE-He213
005 20151204175710.0
007 cr nn 008mamaa
008 100301s2005 xxu| s |||| 0|eng d
020 |a 9780387227870  |9 978-0-387-22787-0 
024 7 |a 10.1007/b99532  |2 doi 
040 |d GrThAP 
050 4 |a BF721-723 
072 7 |a JMC  |2 bicssc 
072 7 |a PSY004000  |2 bisacsh 
082 0 4 |a 155.4  |2 23 
082 0 4 |a 155.424  |2 23 
100 1 |a Owens, Timothy J.  |e author. 
245 1 0 |a From Adolescence to Adulthood in the Vietnam Era  |h [electronic resource] /  |c by Timothy J. Owens. 
264 1 |a Boston, MA :  |b Springer US,  |c 2005. 
300 |a XVI, 195 p. 9 illus.  |b online resource. 
336 |a text  |b txt  |2 rdacontent 
337 |a computer  |b c  |2 rdamedia 
338 |a online resource  |b cr  |2 rdacarrier 
347 |a text file  |b PDF  |2 rda 
490 1 |a Longitudinal Research in the Social and Behavioral Sciences An Interdisciplinary Series 
505 0 |a Implications of Context Choice for the Early Life Course -- The Youth in Transition Study -- Choice of Paths after High School and the Class of 1969 in Sociohistorical Perspective -- Pathway’s Effects on Self-Esteem -- Summary and Conclusions. 
520 |a Children born during the post-WWII era of peace and prosperity entered history at a time dominated by I-Like-Ike politics and domestic security. As they approached adolescence, however, their world was shaken by major cultural, economic, social, and political upheaval. And although it was time of great innovation and progress, a sense of chaos and bitterness began to envelop the country. It was the ‘60s. For many Americans, a mere mention of this decade evokes an extraordinary time and place in the country’s - and their own - history. Adolescents who had been enjoying the technological and medical advances of the era - television, drive-in movies, rock-and-roll, vaccinations that prevented once-incurable diseases - now were also experiencing the fallout from the Civil Rights Movement, domestic terrorism, stagflation, and (perhaps most significant) the Vietnam War. From Adolescence to Adulthood in the Vietnam Era provides a unique, detailed, long-term study of the psychological and social worlds of male adolescents who were on the cusp of adulthood as the 1960s were ending. This longitudinal analysis follows adolescent boys who graduated with the class of 1969 and transitioned into adulthood either through military service, full-time employment, or college life. The results examine the different pathways these boys chose and the affect these choices had on their transition from adolescents to young adult men. 
650 0 |a Psychology. 
650 0 |a Child psychology. 
650 0 |a School psychology. 
650 1 4 |a Psychology. 
650 2 4 |a Child and School Psychology. 
710 2 |a SpringerLink (Online service) 
773 0 |t Springer eBooks 
776 0 8 |i Printed edition:  |z 9780387227863 
830 0 |a Longitudinal Research in the Social and Behavioral Sciences An Interdisciplinary Series 
856 4 0 |u http://dx.doi.org/10.1007/b99532  |z Full Text via HEAL-Link 
912 |a ZDB-2-BHS 
950 |a Behavioral Science (Springer-11640)